000 00772cpcaa22002297a 4500
001 mm 82004019
003 DLC
005 20260227111711.0
008 821130|||||||||||| eng
010 _amm 82004019
040 _aDLC
_cDLC
_edacs
_dDLC
072 7 _aN
_2lcmd
245 0 0 _aBritish dignitaries autograph collection,
_f1791-1887.
300 _a102
_fitems.
506 0 _aOpen to research.
546 _aCollection material in English.
580 _aForms part of: Miscellaneous Manuscripts collection.
650 0 _aAutographs
_zGreat Britain.
999 _c43359
_d43359